00298nam a2200121Ia 4500008004100000041000800041082001200049100001700061245001800078260003900096300003000135365001100165240624s9999 xx 000 0 und d aeng a658 MIL aMILLER SUSAN aESSENTIAL MBA c2012aNew DelhibSage Publications axviii, : 354p. : cm. ; 24 cRSb30